Number 1 Country Songs of the 1990s - Statistics

General Stats
  • This quiz has been taken 70 times
  • The average score is 154 of 256
Answer Stats
Year Song Artist % Correct
1999 Right On the Money Alan Jackson
94%
1997 There Goes Alan Jackson
94%
1996 Little Bitty Alan Jackson
94%
1996 I'll Try Alan Jackson
94%
1995 Tall, Tall Trees Alan Jackson
94%
1995 I Don't Even Know Your Name Alan Jackson
94%
1995 Gone Country Alan Jackson
94%
1994 Livin' On Love Alan Jackson
94%
1994 Summertime Blues Alan Jackson
94%
1993 Chattahoochee Alan Jackson
94%
1992 She's Got the Rhythm (And I Got the Blues) Alan Jackson
94%
1992 Love's Got a Hold On You Alan Jackson
94%
1992 Dallas Alan Jackson
94%
1991 Someday Alan Jackson
94%
1991 Don't Rock the Jukebox Alan Jackson
94%
1991 I'd Love You All Over Again Alan Jackson
94%
1998 To Make You Feel My Love Garth Brooks
92%
1998 Two Piña Coladas Garth Brooks
92%
1997-98 Longneck Bottle Garth Brooks
92%
1996 The Beaches of Cheyenne Garth Brooks
92%
1995 She's Every Woman Garth Brooks
92%
1993 American Honky-Tonk Bar Association Garth Brooks
92%
1993 Ain't Going Down ('Til the Sun Comes Up) Garth Brooks
92%
1993 That Summer Garth Brooks
92%
1993 Somewhere Other Than The Night Garth Brooks
92%
1992 The River Garth Brooks
92%
1992 What She's Doing Now Garth Brooks
92%
1991 Shameless Garth Brooks
92%
1991 The Thunder Rolls Garth Brooks
92%
1991 Two of a Kind, Workin' on a Full House Garth Brooks
92%
1991 Unanswered Prayers Garth Brooks
92%
1990 Friends in Low Places Garth Brooks
92%
1990 The Dance Garth Brooks
92%
1998 If You See Him/If You See Her Reba/Brooks & Dunn
92%
1997 It's Your Love Tim McGraw With Faith Hill
92%
1999 Something Like That Tim McGraw
90%
1999 Please Remember Me Tim McGraw
90%
1998 Where The Green Grass Grows Tim McGraw
90%
1998 Just To See You Smile Tim McGraw
90%
1997 Everywhere Tim McGraw
90%
1996 She Never Lets It Go To Her Heart Tim McGraw
90%
1995 I Like It, I Love It Tim McGraw
90%
1995 Not A Moment Too Soon Tim McGraw
90%
1994 Don't Take The Girl Tim McGraw
90%
1998 Husbands and Wives Brooks & Dunn
88%
1998 How Long Gone Brooks & Dunn
88%
1997 A Man This Lonely Brooks & Dunn
88%
1996 My Maria Brooks & Dunn
88%
1995 You're Gonna Miss Me When I'm Gone Brooks & Dunn
88%
1995 Little Miss Honky Tonk Brooks & Dunn
88%
1994 She's Not the Cheatin' Kind Brooks & Dunn
88%
1994 That Ain't No Way to Go Brooks & Dunn
88%
1993 She Used to Be Mine Brooks & Dunn
88%
1992 Boot Scootin' Boogie Brooks & Dunn
88%
1992 Neon Moon Brooks & Dunn
88%
1991 My Next Broken Heart Brooks & Dunn
88%
1991 Brand New Man Brooks & Dunn
88%
1997 Me Too Toby Keith
88%
1994 Who's That Man Toby Keith
88%
1993 Should've Been A Cowboy Toby Keith
88%
1999 Write This Down George Strait
86%
1998 I Just Want To Dance With You George Strait
86%
1998 Round About Way George Strait
86%
1997 Carrying Your Love With Me George Strait
86%
1997 One Night At A Time George Strait
86%
1996 Carried Away George Strait
86%
1996 Blue Clear Sky George Strait
86%
1995 Check Yes Or No George Strait
86%
1995 You Can't Make A Heart Love Somebody George Strait
86%
1994 The Big One George Strait
86%
1993 Easy Come, Easy Go George Strait
86%
1993 Heartland George Strait
86%
1992 I Cross My Heart George Strait
86%
1991 You Know Me Better Than That George Strait
86%
1991 If I Know Me George Strait
86%
1990-91 I've Come To Expect It From You George Strait
86%
1990 Love Without End, Amen George Strait
86%
1993 The Heart Won't Lie Reba McEntire & Vince Gill
78%
1999-2000 Breathe Faith Hill
74%
1998 Let Me Let Go Faith Hill
74%
1998 This Kiss Faith Hill
74%
1996 It Matters to Me Faith Hill
74%
1994 Piece of My Heart Faith Hill
74%
1994 Wild One Faith Hill
74%
1995 Sold (The Grundy County Auction Incident) John Michael Montgomery
74%
1994 If You've Got Love John Michael Montgomery
74%
1994 Be My Baby Tonight John Michael Montgomery
74%
1994 I Swear John Michael Montgomery
74%
1993 I Love the Way You Love Me John Michael Montgomery
74%
1998 Honey, I'm Home Shania Twain
74%
1998 You're Still The One Shania Twain
74%
1997 Love Gets Me Every Time Shania Twain
74%
1996 No One Needs To Know Shania Twain
74%
1996 You Win My Love Shania Twain
74%
1996 (If You're Not In It For Love) I'm Outta Here! Shania Twain
74%
1995 Any Man Of Mine Shania Twain
74%
1997 How Was I To Know Reba
72%
1995 The Heart Is A Lonely Hunter Reba
72%
1992 Is There Life Out There Reba
72%
1991 For My Broken Heart Reba
72%
1990 You Lie Reba
72%
1993 Does He Love You Reba McEntire With Linda Davis
72%
1992 Achy Breaky Heart Billy Ray Cyrus
70%
1999 When I Said I Do Clint Black
70%
1998 The Shoes You're Wearing Clint Black
70%
1998 Nothin' But The Taillights Clint Black
70%
1996 Like the Rain Clint Black
70%
1994 A Good Run of Bad Luck Clint Black
70%
1993 When My Ship Comes In Clint Black
70%
1991 Where Are You Now Clint Black
70%
1991 Loving Blind Clint Black
70%
1990 Walkin' Away Clint Black
70%
1990 Nobody's Home Clint Black
70%
1996 Bigger Than the Beatles Joe Diffie
68%
1994-95 Pickup Man Joe Diffie
68%
1994 Third Rock from the Sun Joe Diffie
68%
1991 If the Devil Danced (In Empty Pockets) Joe Diffie
68%
1990 Home Joe Diffie
68%
1999 Amazed Lonestar
68%
1997 Come Cryin' To Me Lonestar
68%
1996 No News Lonestar
68%
1999 You Were Mine The Chicks
68%
1998 Wide Open Spaces The Chicks
68%
1998 There's Your Trouble The Chicks
68%
1993 Reckless Alabama
62%
1992 I'm in a Hurry (And Don't Know Why) Alabama
62%
1991 Down Home Alabama
62%
1991 Forever's as Far as I'll Go Alabama
62%
1990 Jukebox in My Mind Alabama
62%
1990 Southern Star Alabama
62%
1994 Whisper My Name Randy Travis
62%
1993 Look Hear, No Hands Randy Travis
62%
1992 If I Didn't Have You Randy Travis
62%
1991 Forever Together Randy Travis
62%
1990 Hard Rock Bottom of Your Heart Randy Travis
62%
1998 Perfect Love Trisha Yearwood
62%
1996 Believe Me Baby (I Lied) Trisha Yearwood
62%
1995 Thinkin' About You Trisha Yearwood
62%
1994 XXX's And OOO's (An American Girl) Trisha Yearwood
62%
1991 She's In Love With The Boy Trisha Yearwood
62%
1997 How Your Love Makes Me Feel Diamond Rio
60%
1991 Meet In the Middle Diamond Rio
60%
1991 Rockin' Years Dolly Parton With Ricky Van Shelton
58%
1994 Tryin' To Get Over You Vince Gill
58%
1993 One More Last Chance Vince Gill
58%
1992-93 Don't Let Our Love Start Slippin' Away Vince Gill
58%
1992 I Still Believe In You Vince Gill
58%
1993 Money In The Bank John Anderson
54%
1992 Straight Tequila Night John Anderson
54%
1999 You Had Me from Hello Kenny Chesney
52%
1999 How Forever Feels Kenny Chesney
52%
1997 She's Got It All Kenny Chesney
52%
1996 Time Marches On Tracy Lawrence
52%
1994 If the Good Die Young Tracy Lawrence
52%
1993 My Second Home Tracy Lawrence
52%
1993 Can't Break It to My Heart Tracy Lawrence
52%
1993 Alibis Tracy Lawrence
52%
1992 Sticks and Stones Tracy Lawrence
52%
1994 Foolish Pride Travis Tritt
52%
1993 Can I Trust You With My Heart Travis Tritt
52%
1991 Anymore Travis Tritt
52%
1990 Help Me Hold On Travis Tritt
52%
1999 I Don't Want To Miss A Thing Mark Chesnutt
50%
1997 It's A Little Too Late Mark Chesnutt
50%
1994 I Just Wanted You To Know Mark Chesnutt
50%
1993 Almost Goodbye Mark Chesnutt
50%
1993 It Sure Is Monday Mark Chesnutt
50%
1992 I'll Think Of Something Mark Chesnutt
50%
1991 Brother Jukebox Mark Chesnutt
50%
1999 I Love You Martina McBride
46%
1999 Wrong Again Martina McBride
46%
1998 A Broken Wing Martina McBride
46%
1996 Wild Angels Martina McBride
46%
1997 Rumor Has It Clay Walker
44%
1995 This Woman and This Man Clay Walker
44%
1994 If I Could Make a Living Clay Walker
44%
1994 Dreaming with My Eyes Open Clay Walker
44%
1994 Live Until I Die Clay Walker
44%
1993 What's It to You Clay Walker
44%
1997 How Do I Get There Deana Carter
42%
1997 We Danced Anyway Deana Carter
42%
1996 Strawberry Wine Deana Carter
42%
1994 Shut Up and Kiss Me Mary Chapin Carpenter
42%
1994 Wink Neal McCoy
42%
1994 No Doubt About It Neal McCoy
42%
1995 I Didn't Know My Own Strength Lorrie Morgan
40%
1993 What Part of No Lorrie Morgan
40%
1990 Five Minutes Lorrie Morgan
40%
1993 Thank God For You Sawyer Brown
40%
1992 Some Girls Do Sawyer Brown
40%
1998 I Can Still Feel You Collin Raye
38%
1995 My Kind of Girl Collin Raye
38%
1992 In This Life Collin Raye
38%
1992 Love, Me Collin Raye
38%
1995 Dust On The Bottle David Lee Murphy
38%
1990 It Ain't Nothin' Keith Whitley
38%
1993 She Don't Know She's Beautiful Sammy Kershaw
38%
1999 He Didn't Have to Be Brad Paisley
36%
1990 You Really Had Me Going Holly Dunn
36%
1996-97 One Way Ticket (Because I Can) LeAnn Rimes
36%
1991 Keep It Between The Lines Ricky Van Shelton
36%
1991 I Am A Simple Man Ricky Van Shelton
36%
1990 I've Cried My Last Tear For You Ricky Van Shelton
36%
1994 If Bubba Can Dance (I Can Too) Shenandoah
36%
1990 Next To You, Next To Me Shenandoah
36%
1995 That's as Close as I'll Get to Loving You Aaron Tippin
34%
1992 There Ain't Nothin' Wrong with the Radio Aaron Tippin
34%
1996 Lonely Too Long Patty Loveless
34%
1996 You Can Feel Bad Patty Loveless
34%
1993 Blame It on Your Heart Patty Loveless
34%
1990 Chains Patty Loveless
34%
1997 Sittin' on Go Bryan White
32%
1996 So Much for Pretending Bryan White
32%
1996 Rebecca Lynn Bryan White
32%
1995 Someone Else's Star Bryan White
32%
1995 Mi Vida Loca Pam Tillis
32%
1997 (This Ain't) No Thinkin' Thing Trace Adkins
30%
1993 Holdin' Heaven Tracy Byrd
30%
1996 To Be Loved By You Wynonna
30%
1992 No One Else On Earth Wynonna
30%
1992 I Saw The Light Wynonna
30%
1992 She Is His Only Need Wynonna
30%
1993 I Don't Call Him Daddy Doug Supernaw
28%
1999 Stand Beside Me Jo Dee Messina
28%
1998 I'm Alright Jo Dee Messina
28%
1998 Bye-Bye Jo Dee Messina
28%
1994 My Love Little Texas
28%
1993 Why Didn't I Think of That Doug Stone
26%
1993 Too Busy Being In Love Doug Stone
26%
1992 A Jukebox With a Country Song Doug Stone
26%
1991 In a Different Light Doug Stone
26%
1998 What If I Said Anita Cochran (Duet With Steve Wariner)
22%
1990 Good Times Dan Seals
22%
1990 Love On Arrival Dan Seals
22%
1990 Come Next Monday K.T. Oslin
22%
1996 Guys Do It All the Time Mindy McCready
22%
1989-90 Who's Lonely Now Highway 101
20%
1998-99 You're Easy On The Eyes Terri Clark
18%
1999 Single White Female Chely Wright
12%
1997 Running Out Of Reasons To Run Rick Trevino
12%
1996 Daddy's Money Ricochet
12%
1995 Old Enough to Know Better Wade Hayes
12%
1999 Wish You Were Here Mark Willis
10%
1996 Don't Get Me Started Rhett Akins
10%
1990 On Second Thought Eddie Rabbitt
8%
1994 Your Love Amazes Me John Berry
8%
1997 Nobody Knows Kevin Sharp
8%
1990 No Matter How High The Oak Ridge Boys
8%
1991 Walk On Faith Mike Reid
6%
1999 No Place That Far Sara Evans
6%
1998 It Must Be Love Ty Herndon
6%
1996 Living In A Moment Ty Herndon
6%
1997 From Here to Eternity Michael Peterson
4%
1991 Daddy's Come Around Paul Overstreet
4%
1995 Not On Your Love Jeff Carson
2%
1991 Leap of Faith Lionel Cartwright
2%
No matching quizzes found
Score Distribution
Percent of People with Each Score
Percentile by Number Answered
Your Score History
You have not taken this quiz